[Event "Najdorf Memorial"]
[Site "Warsaw POL"]
[Date "2023.07.16"]
[Round "6.17"]
[White "Tsiapko, Andrii"]
[Black "Zubova, Mariya"]
[Result "1/2-1/2"]
[WhiteElo "1996"]
[BlackElo "2163"]

1. d4 Nf6 2. Nf3 g6 3. Nbd2 Bg7 4. e4 d6 5. Bc4 O-O 6. O-O Nc6 7. c3 Nd7 8.
Bb5 e5 9. Bxc6 bxc6 10. dxe5 Nxe5 11. Nxe5 Bxe5 12. Nf3 Bg7 13. Re1 Re8 14.
Bg5 Qd7 15. Qd2 c5 16. Rad1 Bb7 17. Qc2 Qg4 18. h3 Bxe4 19. Qa4 Qf5 20. Re3
d5 21. Rde1 h6 22. Bh4 g5 23. g4 Qg6 24. Bg3 Reb8 25. Ne5 Bxe5 26. Bxe5
Rxb2 27. Qa3 Rb1 28. Qxc5 Rxe1+ 29. Rxe1 c6 30. Qe3 Re8 31. Bd4 Re6 32. Qg3
Kh7 33. Qb8 Qg8 34. Qxa7 Qe8 35. Qc7 Bf3 36. Rxe6 Qxe6 37. Qe5 Qxe5 38.
Bxe5 Bd1 1/2-1/2

[Event "Najdorf Memorial"]
[Site "Warsaw POL"]
[Date "2023.07.16"]
[Round "6.18"]
[White "Mis, Mieszko"]
[Black "Taranowicz, Michal"]
[Result "0-1"]
[WhiteElo "2350"]
[BlackElo "2005"]

1. d4 e6 2. c4 c5 3. d5 exd5 4. cxd5 d6 5. Nc3 g6 6. e4 a6 7. a4 Bg7 8. h3
Nd7 9. Nf3 Nh6 10. Bg5 f6 11. Bf4 Qe7 12. Qd2 Nf7 13. Be2 O-O 14. O-O h5
15. Bh2 Nde5 16. Nxe5 Nxe5 17. f4 Nf7 18. Rae1 h4 19. Bd3 Re8 20. e5 f5 21.
e6 Nh6 22. Kh1 b6 23. Be2 Bf6 24. g3 hxg3 25. Bxg3 Kg7 26. Bf3 Rh8 27. Kg2
b5 28. Rh1 bxa4 29. Nxa4 Rb8 30. Re2 Rb4 31. Nc3 Ng8 32. Bf2 Bb7 33. Rb1
Qc7 34. Na2 Rb3 35. Re3 Qb6 36. Rxb3 Qxb3 37. Nc1 Qc4 38. b3 Qb5 39. Ne2
Ne7 40. h4 Nxd5 41. Re1 Qxb3 42. Rd1 Nxf4+ 43. Qxf4 Qxd1 44. Bxb7 Qxe2 45.
Qxd6 Rxh4 46. Bf3 Rg4+ 47. Bxg4 Qxg4+ 48. Kf1 Qc4+ 49. Kg2 Qe4+ 50. Kf1
Qb1+ 51. Kg2 Qb7+ 52. Kf1 c4 53. Bc5 Qh1+ 54. Ke2 Qe4+ 55. Kf2 Bh4+ 56. Kg1
Qe1+ 57. Kh2 Qe2+ 58. Kh3 Qf3+ 59. Kh2 Kh6 60. Qe5 Kh5 61. e7 Bxe7 62. Bxe7
Qf2+ 63. Kh3 Qf1+ 64. Kh2 Qf2+ 65. Kh3 Qf3+ 66. Kh2 Kg4 67. Qf6 Qg3+ 68.
Kh1 Qe1+ 69. Kh2 Qe2+ 70. Kh1 Qf3+ 71. Kg1 Qe3+ 72. Kh2 g5 73. Bd6 c3 74.
Kh1 c2 75. Qxg5+ Qxg5 76. Bf4 Kxf4 0-1

[Event "Najdorf Memorial"]
[Site "Warsaw POL"]
[Date "2023.07.16"]
[Round "6.19"]
[White "Mickiewicz, Piotr"]
[Black "Zheng, Harry Z"]
[Result "1-0"]
[WhiteElo "2245"]
[BlackElo "2063"]

1. c4 e5 2. d3 Nf6 3. Nf3 Nc6 4. a3 a5 5. b3 d5 6. cxd5 Nxd5 7. Bb2 Bd6 8.
e3 O-O 9. Nbd2 Be6 10. Qc2 Qe7 11. Be2 f6 12. h4 Qf7 13. h5 Rfd8 14. h6 g6
15. Ne4 Bf8 16. Nfd2 Be7 17. g4 a4 18. b4 Bf8 19. b5 Na7 20. g5 fxg5 21.
Nxg5 Qf6 22. Nde4 Qf5 23. Nxe6 Qxe6 24. Qc4 c6 25. Bg4 Qe7 26. bxc6 Nxc6
27. Nc3 Na5 28. Nxd5 Nxc4 29. Nxe7+ Bxe7 30. Be6+ 1-0

[Event "Najdorf Memorial"]
[Site "Warsaw POL"]
[Date "2023.07.16"]
[Round "6.20"]
[White "Niezhentsev, Kyrylo"]
[Black "Mueller, Magnus"]
[Result "0-1"]
[WhiteElo "2057"]
[BlackElo "2201"]

1. c4 Nf6 2. g3 g6 3. Bg2 Bg7 4. Nf3 O-O 5. O-O d6 6. d4 Bf5 7. Nc3 Ne4 8.
Ne1 Nxc3 9. bxc3 Qc8 10. e4 Be6 11. Qd3 c5 12. d5 Bd7 13. Be3 e6 14. f4
exd5 15. cxd5 Re8 16. a4 Na6 17. Ra3 Rb8 18. Nc2 f5 19. Re1 fxe4 20. Qd2
Nc7 21. c4 b6 22. Bf2 Bf5 23. Ne3 Bh3 24. Qc2 a6 25. Bxe4 b5 26. axb5 axb5
27. f5 gxf5 28. Bxf5 Bxf5 29. Nxf5 Rxe1+ 30. Bxe1 Qd7 31. Re3 Re8 32. Rxe8+
Nxe8 33. cxb5 Qxb5 34. Qe4 Qd7 35. Qe6+ Qxe6 36. dxe6 Be5 37. Ne7+ Kg7 38.
Nc6 Kf6 39. e7 Ke6 40. Kf2 Bf6 41. Ke3 Kd5 42. Na5 Bxe7 43. Kd3 Nf6 44. Nc4
Ng4 45. h3 Ne5+ 46. Nxe5 Kxe5 47. Bc3+ Kd5 48. Bg7 Ke6 49. Bh6 d5 50. Be3
c4+ 51. Kc3 Bf6+ 52. Kb4 Ke5 53. Bf4+ Ke4 54. Bc1 Be7+ 55. Kc3 Bf6+ 56. Kb4
Kd3 57. Bf4 Be7+ 58. Ka4 Kc2 59. Be5 Kd3 60. Bf4 d4 0-1

[Event "Najdorf Memorial"]
[Site "Warsaw POL"]
[Date "2023.07.16"]
[Round "6.21"]
[White "Markuszewski, Maksymilian"]
[Black "Kowalczyk, Rafal"]
[Result "0-1"]
[WhiteElo "2039"]
[BlackElo "2173"]

1. d4 d5 2. c4 dxc4 3. e3 Nf6 4. Bxc4 e6 5. Nf3 c5 6. O-O a6 7. Nbd2 b5 8.
Bd3 Bb7 9. a4 c4 10. Be2 Nbd7 11. Qc2 Rc8 12. e4 Be7 13. e5 Nd5 14. Ne4 Qb6
15. Bg5 f6 16. exf6 gxf6 17. Bh6 Rg8 18. Nc3 Rg6 19. Bd2 f5 20. Ne1 b4 21.
Nxd5 Bxd5 22. Bh5 Qxd4 23. Be3 Qh4 24. Bxg6+ hxg6 25. f4 Bf6 26. Rd1 Nc5
27. Qe2 Kf7 28. Nf3 Qh8 29. Ng5+ Bxg5 30. fxg5 Qe5 31. Qd2 Nb3 32. Qf2 Qc7
33. Qh4 Kg8 34. Bd4 Nxd4 35. Qxd4 Qc5 36. Qxc5 Rxc5 37. Kf2 Kf7 38. g3 Ke7
39. Ke3 Be4 40. Rc1 Kd6 41. h4 Bd3 42. Rfe1 Re5+ 43. Kf2 Rd5 44. Rh1 Ke5
45. Rhe1+ Kd6 46. Rh1 Rd4 47. Rhd1 e5 48. Rd2 f4 49. gxf4 Rxf4+ 50. Kg3 Rd4
51. Rdd1 Kd5 52. Rh1 Bf5 53. Rhd1 Kc5 54. Rxd4 exd4 55. Kf4 Bd3 56. b3 c3
57. Ke5 Be2 58. Kf6 Bh5 59. Re1 d3 60. Re8 d2 61. Rc8+ Kd4 62. a5 c2 63.
Rc4+ Kd3 0-1

[Event "Najdorf Memorial"]
[Site "Warsaw POL"]
[Date "2023.07.16"]
[Round "6.22"]
[White "Wiech, Grzegorz"]
[Black "Wojtaszewski, Piotr"]
[Result "1/2-1/2"]
[WhiteElo "2140"]
[BlackElo "1994"]

1. e4 e6 2. d4 d5 3. Nc3 Bb4 4. Ne2 dxe4 5. a3 Bxc3+ 6. Nxc3 e5 7. dxe5
Qxd1+ 8. Nxd1 Nd7 9. Nc3 Nxe5 10. Bf4 Ng6 11. Bxc7 Nf6 12. Bd6 Bd7 13.
O-O-O a6 14. Bc4 Rc8 15. Rd4 Bc6 16. Re1 Nh4 17. Bb4 Nf5 18. Rd2 a5 19.
Bxa5 O-O 20. Nd5 Bxd5 21. Bxd5 Rc5 22. Bb4 Rxd5 23. Rxd5 Nxd5 24. Bxf8 Kxf8
25. Rxe4 Nde7 26. Kd2 Ke8 27. c4 Nd6 28. Rh4 g5 29. Rxh7 Nxc4+ 30. Kc3 Nd6
31. Kd4 b6 32. a4 f6 33. f3 Kd7 34. b4 Ke6 35. b5 Ndf5+ 36. Ke4 Nd6+ 37.
Kd3 Nb7 38. Kc4 Na5+ 39. Kd4 Nf5+ 40. Kc3 Nh4 41. f4 Nf5 42. g4 Nd6 43.
fxg5 fxg5 44. Rh6+ Kd5 45. Rg6 Ne4+ 46. Kb4 Nc4 47. h3 Kd4 48. Rg8 Kd5 49.
Rd8+ Ned6 50. h4 gxh4 51. Rh8 Ne5 52. Rxh4 Nd3+ 53. Kc3 Nc5 54. Rh5+ Ke6
55. Kb4 Nd3+ 56. Ka3 Nc4+ 57. Kb3 Na5+ 58. Kc2 Nb4+ 59. Kc3 Nd5+ 60. Kc2
Ne3+ 61. Kc3 Nxg4 62. Rh7 Nf6 63. Rh8 Nd5+ 64. Kd4 Nb3+ 65. Kc4 Na5+ 66.
Kd4 Nb3+ 67. Kc4 Na5+ 1/2-1/2

[Event "Najdorf Memorial"]
[Site "Warsaw POL"]
[Date "2023.07.16"]
[Round "6.23"]
[White "Babiarz, Arkadiusz"]
[Black "Mirski, Stanislaw"]
[Result "0-1"]
[WhiteElo "1976"]
[BlackElo "2139"]

1. e4 c5 2. Nf3 e6 3. d4 cxd4 4. Nxd4 a6 5. c4 Nf6 6. Nc3 Bb4 7. Qd3 Qc7 8.
a3 Bxc3+ 9. Qxc3 O-O 10. Bd3 d6 11. O-O e5 12. Ne2 Be6 13. Be3 Nbd7 14. b4
Rac8 15. Rac1 Ng4 16. Bd2 Nb6 17. h3 Nf6 18. c5 dxc5 19. Qxc5 Qd7 20. Qe3
Rcd8 21. Rc3 Na4 22. Rd1 Nb2 0-1

[Event "Najdorf Memorial"]
[Site "Warsaw POL"]
[Date "2023.07.16"]
[Round "6.24"]
[White "Podgorski, Maciej"]
[Black "Szewczyk, Mariusz"]
[Result "0-1"]
[WhiteElo "1960"]
[BlackElo "2128"]

1. d4 Nf6 2. c4 e6 3. Nf3 b6 4. a3 Bb7 5. Nc3 Be7 6. Bg5 d5 7. e3 O-O 8.
Qc2 Nbd7 9. cxd5 exd5 10. Bd3 Ne4 11. Bf4 Ndf6 12. Ng5 Nxg5 13. Bxg5 h6 14.
Bf4 c5 15. O-O c4 16. Bf5 a6 17. Rad1 b5 18. f3 Bc8 19. Bxc8 Rxc8 20. e4
Qd7 21. Be5 dxe4 22. fxe4 a5 23. Bxf6 Bxf6 24. Rxf6 gxf6 25. Nd5 Rc6 26.
Rf1 f5 27. Rxf5 Rg6 28. Qd2 Rd8 29. Qxa5 Re8 30. Re5 Rxe5 31. dxe5 Qe6 32.
Qd8+ Kg7 33. Qb8 Qg4 34. g3 Qd1+ 35. Kf2 Qd2+ 36. Kf3 Qxh2 37. e6 Qh1+ 38.
Ke3 Rxe6 39. Qf4 Qc1+ 40. Kf3 Qxb2 41. Ne3 Qxa3 42. Kg2 Qb2+ 43. Kh3 Qe5
44. Nf5+ Kh7 45. Qg4 Rg6 46. Qf3 b4 47. Ne3 Qe6+ 48. g4 h5 49. Kh4 Rxg4+
50. Kxh5 Qg6# 0-1

[Event "Najdorf Memorial"]
[Site "Warsaw POL"]
[Date "2023.07.16"]
[Round "6.25"]
[White "Kovalevsky, Stanislav"]
[Black "Dmochowska, Agnieszka"]
[Result "0-1"]
[WhiteElo "2226"]
[BlackElo "1977"]

1. c4 e5 2. Nc3 Nf6 3. g3 d5 4. cxd5 Nxd5 5. Bg2 Nb6 6. e3 Nc6 7. Nge2 h5
8. d4 exd4 9. exd4 h4 10. d5 Ne5 11. Bf4 Bd6 12. Qd4 Qe7 13. O-O-O Bf5 14.
Nb5 f6 15. Nxd6+ cxd6 16. Nc3 Rc8 17. Rhe1 Rc4 18. Qe3 Qc7 19. Bf1 Rc5 20.
g4 Bh7 21. Bxe5 fxe5 22. f4 Nxd5 23. Qxc5 Qxc5 24. Rxd5 Qf2 25. Bb5+ Ke7
26. Re2 Qxf4+ 27. Rdd2 Rc8 28. Kd1 Qxg4 29. Nd5+ Ke6 30. Ne3 Qg1+ 31. Re1
Rc1+ 32. Kxc1 Qxe1+ 33. Nd1 d5 34. Re2 Qb4 35. Be8 Qf8 36. Bh5 Qf4+ 37. Rd2
Qf5 0-1

[Event "Najdorf Memorial"]
[Site "Warsaw POL"]
[Date "2023.07.16"]
[Round "6.26"]
[White "Praczukowski, Stanislaw"]
[Black "Zhuk, Ivan"]
[Result "1-0"]
[WhiteElo "2147"]
[BlackElo "2017"]

1. d4 Nf6 2. c4 g6 3. Nc3 d5 4. cxd5 Nxd5 5. e4 Nxc3 6. bxc3 Bg7 7. Nf3 c5
8. Bb5+ Nc6 9. O-O O-O 10. Bxc6 bxc6 11. Qc2 Qa5 12. a4 Bg4 13. Ne5 Bxe5
14. dxe5 Rfd8 15. f4 c4 16. h3 Bc8 17. Ba3 Rd3 18. Rac1 Kf8 19. Qf2 Qb6 20.
Bc5 Qa5 21. f5 gxf5 22. exf5 Rd5 23. Bd4 c5 24. Be3 Qb6 25. Qh4 Ke8 26.
Qxh7 Bb7 27. e6 fxe6 28. f6 Qd6 29. Rb1 Bc6 30. f7+ Kd7 31. f8=Q Rxf8 32.
Rxf8 Rd3 33. Qg8 Qc7 34. Bf4 Qa5 35. Rc8 e5 36. Qe8+ Ke6 37. Qg6+ 1-0

[Event "Najdorf Memorial"]
[Site "Warsaw POL"]
[Date "2023.07.16"]
[Round "6.27"]
[White "Biesiadecki, Adam"]
[Black "Gorkiewicz, Mateusz"]
[Result "1/2-1/2"]
[WhiteElo "2015"]
[BlackElo "2122"]

1. Nf3 Nf6 2. g3 d5 3. c4 e6 4. Bg2 Be7 5. O-O O-O 6. b3 b6 7. Bb2 Bb7 8.
d4 Nbd7 9. Nc3 c5 10. cxd5 Nxd5 11. Rc1 Rc8 12. Nxd5 Bxd5 13. Ne1 Bxg2 14.
Kxg2 Bf6 15. Nf3 Qe7 16. e3 Rfd8 17. Qe2 cxd4 18. exd4 Nb8 19. Qe4 Qd6 20.
Ne5 Be7 21. Rfe1 Bf8 22. Nc4 Qc6 23. f3 Nd7 24. Ne3 Qxe4 25. fxe4 e5 26.
Rxc8 Rxc8 27. d5 Nc5 28. Rc1 Re8 29. Kf3 Nd3 30. Rb1 Rc8 31. Nc4 f6 32. Ke3
Nxb2 33. Rxb2 Bb4 34. Rc2 Kf8 35. Kd3 Ke7 36. Na3 Rxc2 37. Nxc2 Bc5 38. g4
g6 39. a4 a6 40. Ne1 Bf2 41. Nf3 Kd6 42. Kc4 Be3 43. Ne1 Bd2 44. Nc2 Bf4
45. h3 b5+ 46. axb5 axb5+ 47. Kd3 Bc1 48. Nb4 Ba3 49. Na2 Bb2 50. Nb4 Bc1
51. Nc6 f5 52. Nd8 Ke7 53. Ne6 fxg4 54. hxg4 Kd6 55. Ke2 Ba3 56. Kf3 Kd7
57. Kg3 Be7 58. Kh3 Kc8 59. Kg3 Kb7 60. Ng7 Kb6 61. Ne8 Kc5 62. Kf3 Kb6
1/2-1/2

[Event "Najdorf Memorial"]
[Site "Warsaw POL"]
[Date "2023.07.16"]
[Round "6.28"]
[White "Slomczewski, Michal"]
[Black "Jedrusik, Adam"]
[Result "1-0"]
[WhiteElo "2101"]
[BlackElo "1970"]

1. e4 c6 2. d4 d5 3. f3 dxe4 4. fxe4 e5 5. Nf3 Bg4 6. Bc4 Nd7 7. O-O Ngf6
8. Qe1 Bd6 9. c3 O-O 10. Bg5 Qb6 11. Nbd2 Rae8 12. Qe3 h6 13. Bxh6 gxh6 14.
Qxh6 exd4 15. cxd4 Bxf3 16. Nxf3 Rxe4 17. Qg6+ Kh8 18. Bxf7 Rg4 19. Qh6+
Nh7 20. Bg6 Rxg6 21. Qxg6 Ndf6 22. b3 Rg8 23. Qh6 Qc7 24. Rae1 Bf4 25. Qh4
Rg4 26. Qh3 Qd6 27. Kh1 Kg7 28. Ne5 Ng5 29. Qc3 Rh4 30. Rxf4 Rxf4 31. Qg3
Rg4 32. Nxg4 Qxg3 33. hxg3 Nxg4 34. Re7+ Kf6 35. Rxb7 Ne4 36. Rxa7 Nxg3+
37. Kg1 Ne2+ 38. Kf1 Nxd4 39. Rb7 Ne3+ 40. Kg1 Nd5 41. a4 Nc3 42. a5 Ncb5
43. a6 Ke5 44. b4 Kd5 45. a7 Nxa7 46. Rxa7 Kc4 47. Rb7 Nc2 48. g4 Nxb4 49.
Rxb4+ Kxb4 50. g5 c5 51. g6 c4 52. g7 c3 53. g8=Q Ka3 54. Qc4 Kb2 55. Qb4+
Kc2 56. Kf2 Kd3 57. Ke1 1-0

[Event "Najdorf Memorial"]
[Site "Warsaw POL"]
[Date "2023.07.16"]
[Round "6.29"]
[White "Majocha, Piotr"]
[Black "Minald, Andrey"]
[Result "1-0"]
[WhiteElo "1979"]
[BlackElo "2091"]

1. Nf3 Nf6 2. c4 e6 3. g3 b6 4. Bg2 Bb7 5. O-O c5 6. Nc3 Be7 7. Re1 O-O 8.
e4 d6 9. d4 Nbd7 10. e5 Ne8 11. dxc5 Nxc5 12. Bf4 dxe5 13. Nxe5 Bxg2 14.
Kxg2 Qxd1 15. Raxd1 g5 16. Be3 Ng7 17. Bxc5 bxc5 18. Ne4 Rfc8 19. Rd7 Kf8
20. Nxf7 Kxf7 21. Nd6+ Kf6 22. Nxc8 Rxc8 23. Rxa7 Nf5 24. Ra6 Nd4 25. Re4
h5 26. b4 Kf5 27. f3 e5 28. h3 g4 29. hxg4+ hxg4 30. Rxg4 cxb4 31. Rg7 Bf8
32. Rf7+ Kg5 33. f4+ exf4 34. gxf4+ Kh5 35. Kh3 Bh6 36. Rff6 Bxf4 37. Rxf4
Rxc4 38. Ra5+ Kg6 39. Kg4 Nc2 40. Rxc4 Ne3+ 41. Kf4 Nxc4 42. Rb5 Kf6 43.
Rxb4 Nd6 44. a4 Ne8 45. Rb6+ Ke7 46. Ke5 Kd7 47. Kd5 Kc7 48. Kc5 Kc8 49. a5
Nc7 50. a6 Na8 51. Rh6 Kb8 52. Rh7 Nc7 53. Rf7 Ne6+ 54. Kb6 Ka8 55. Re7 Nd8
56. Re8 1-0

[Event "Najdorf Memorial"]
[Site "Warsaw POL"]
[Date "2023.07.16"]
[Round "6.30"]
[White "Lasota, Adam"]
[Black "Dylong, Antoni"]
[Result "1-0"]
[WhiteElo "1927"]
[BlackElo "2039"]

1. d4 c5 2. c3 Nf6 3. Nf3 d5 4. Bf4 Nc6 5. e3 Qb6 6. Qb3 c4 7. Qc2 g6 8.
Nbd2 Bf5 9. Qc1 Bg7 10. h3 O-O 11. g4 Bd3 12. Bxd3 cxd3 13. O-O Ne4 14. Ne1
Rac8 15. Nxd3 g5 16. Bh2 e5 17. Nxe4 dxe4 18. Nc5 Rfd8 19. Qb1 exd4 20.
exd4 Bxd4 21. Nxe4 h6 22. Nd6 Be5 23. Nxc8 Bxh2+ 24. Kxh2 Qc7+ 25. Kg1 Qf4
26. Qf5 Qxf5 27. gxf5 Rxc8 28. Rfe1 Kg7 29. Rad1 Rc7 30. Rd6 f6 31. Ree6
Rf7 32. Rxc6 bxc6 33. Rxc6 h5 34. a4 h4 35. b4 g4 36. hxg4 Kh6 37. f4 1-0

[Event "Najdorf Memorial"]
[Site "Warsaw POL"]
[Date "2023.07.16"]
[Round "6.31"]
[White "Smietanska, Wiktoria"]
[Black "Budzisz, Adrian"]
[Result "0-1"]
[WhiteElo "1964"]
[BlackElo "2037"]

1. d4 Nf6 2. c4 e6 3. g3 c5 4. d5 exd5 5. cxd5 d6 6. Nc3 g6 7. Bg2 Bg7 8.
e4 O-O 9. Nge2 Re8 10. O-O b5 11. Nxb5 Nxe4 12. Re1 Ba6 13. Nbc3 Nxc3 14.
Nxc3 Rxe1+ 15. Qxe1 Nd7 16. Bf1 Ne5 17. Qd1 Bxf1 18. Qxf1 Qd7 19. Bf4 Rb8
20. Rb1 Qf5 21. Qe2 Nf3+ 22. Qxf3 Bxc3 23. Rd1 Bxb2 24. Qe2 Bd4 25. Bxd6
Rd8 26. Bf4 Rxd5 27. Qe8+ Kg7 28. Re1 g5 29. Be3 c4 30. Qc6 Bxe3 31. Rxe3
Rd1+ 32. Kg2 Qd5+ 33. Qxd5 Rxd5 34. Rc3 Rd4 35. Ra3 Rd7 36. Rc3 Rc7 37. Kf3
f5 38. Ke3 Re7+ 39. Kd2 Rc7 40. Ke3 Kf6 41. Kd4 Re7 42. Rxc4 Re2 43. Rc6+
Kg7 44. Rc7+ Kg6 45. Rxa7 Rxf2 46. h4 g4 47. Ra6+ Kh5 48. Ra7 h6 49. Ke5
Rf3 50. Ra6 Rxg3 51. Kxf5 Rf3+ 52. Ke4 Rf1 53. Ra8 Kxh4 54. a4 g3 55. Rg8
Ra1 56. Kf3 Rxa4 57. Kg2 Ra2+ 58. Kf3 Rf2+ 59. Ke3 Rf6 60. Ke2 Kh3 0-1

[Event "Najdorf Memorial"]
[Site "Warsaw POL"]
[Date "2023.07.16"]
[Round "6.32"]
[White "Zalega, Maciej"]
[Black "Lecki, Leonard"]
[Result "1/2-1/2"]
[WhiteElo "2182"]
[BlackElo "1995"]

1. Nf3 c5 2. e4 e6 3. d4 cxd4 4. Nxd4 a6 5. Bd3 g6 6. O-O Bg7 7. Be3 Ne7 8.
c4 d5 9. cxd5 O-O 10. Nc3 exd5 11. exd5 Nxd5 12. Nxd5 Qxd5 13. Be2 Nc6 14.
Bf3 Qe5 15. Nxc6 bxc6 16. Rc1 Bf5 17. b3 Rfd8 18. Qe1 Bd3 19. Be2 Be4 20.
Bc4 Bd5 21. Bb6 Qxe1 22. Rfxe1 Rd7 23. a4 a5 24. Bxd5 cxd5 25. Rc5 Rb7 26.
Bxa5 Rxb3 27. Rxd5 Ra3 28. Rd8+ Rxd8 29. Bxd8 Bc3 30. Rc1 Rxa4 31. Bb6 Bb2
32. Rc8+ Kg7 33. g3 Bd4 34. Bxd4+ 1/2-1/2

[Event "Najdorf Memorial"]
[Site "Warsaw POL"]
[Date "2023.07.16"]
[Round "6.33"]
[White "Dalkowski, Rafal"]
[Black "Persson, Andreas"]
[Result "1-0"]
[WhiteElo "2025"]
[BlackElo "2135"]

1. Nf3 d5 2. c4 e6 3. e3 Nf6 4. Nc3 Nbd7 5. b3 b6 6. Bb2 Bb7 7. Be2 c6 8.
Qc2 Bd6 9. Rg1 O-O 10. g4 e5 11. g5 Ne8 12. O-O-O Nc7 13. Nh4 g6 14. Nf5
gxf5 15. Qxf5 Nc5 16. g6 fxg6 17. Rxg6+ Kh8 18. Qh5 Rg8 19. Rxd6 Qxd6 20.
Nb5 Nxb5 21. Bxe5+ Rg7 22. Rg1 Nxb3+ 23. axb3 Qa3+ 24. Kd1 Nc3+ 25. Kc2
Nxe2 26. Rxg7 Qa2+ 27. Kd1 Qxb3+ 28. Ke1 1-0

[Event "Najdorf Memorial"]
[Site "Warsaw POL"]
[Date "2023.07.16"]
[Round "6.34"]
[White "Kondys, Piotr"]
[Black "Adamski, Jan"]
[Result "1/2-1/2"]
[WhiteElo "2063"]
[BlackElo "2099"]

1. e4 c5 2. Nf3 a6 3. c4 Nc6 4. d4 cxd4 5. Nxd4 e5 6. Nc2 Bc5 7. Nc3 d6 8.
Be2 Nf6 9. O-O Be6 10. Kh1 O-O 11. f4 exf4 12. Bxf4 h6 13. a3 a5 14. b3 Re8
15. Rb1 Ne5 16. b4 axb4 17. axb4 Ba7 18. c5 Bb8 19. Bb5 Bd7 20. Bxd7 Qxd7
21. Nd5 Nxd5 22. exd5 Ng6 23. Bg3 dxc5 24. Bxb8 Rexb8 25. bxc5 Rc8 26. Qd4
Ra5 27. Ne3 Raxc5 28. Nf5 f6 29. Qg4 Ne5 30. Nxh6+ Kh7 31. Qxd7 Nxd7 32.
Nf5 Re8 33. Rxb7 Rxd5 34. g4 Re4 35. h3 Rd3 36. Kg2 g6 37. Ng3 Ree3 38. Nh1
Kh6 39. Nf2 Rd2 40. Rd1 Rxd1 41. Nxd1 Rd3 1/2-1/2

[Event "Najdorf Memorial"]
[Site "Warsaw POL"]
[Date "2023.07.16"]
[Round "6.35"]
[White "Orzechowski, Jacek"]
[Black "Klim, Filip"]
[Result "1-0"]
[WhiteElo "2105"]
[BlackElo "2006"]

1. c4 e6 2. g3 d5 3. Bg2 Nf6 4. Nf3 Be7 5. O-O O-O 6. b3 d4 7. e3 c5 8.
exd4 cxd4 9. d3 Nc6 10. Re1 Re8 11. Ba3 Nd7 12. Nfd2 e5 13. Ne4 Nb4 14. f3
a5 15. Bc1 f5 16. Nf2 Bf6 17. a3 Nc6 18. Ra2 Nc5 19. Rb2 a4 20. b4 Nb3 21.
Rbe2 Be6 22. Nd2 Nxc1 23. Qxc1 Qd7 24. Qc2 Nd8 25. c5 Nf7 26. Nc4 Qb5 27.
Nb6 Bb3 28. Nxa8 Bxc2 29. Nc7 Qd7 30. Nxe8 Bb3 31. Nxf6+ gxf6 32. g4 Bd5
33. gxf5 Qxf5 34. Ne4 Qg6 35. f4 Kh8 36. f5 Qh6 37. Nd6 Qg5 38. Kh1 Bxg2+
39. Rxg2 Qh5 40. Reg1 Ng5 41. Rg4 Kg7 42. b5 Kf8 43. R1g3 Ke7 44. Kg2 b6
45. h4 bxc5 46. hxg5 Kxd6 47. g6 hxg6 48. fxg6 Qh8 49. g7 Qg8 50. Rh3 f5
51. Rg6+ Ke7 52. Rh8 Qd5+ 53. Kh2 Qa2+ 54. Rg2 1-0

[Event "Najdorf Memorial"]
[Site "Warsaw POL"]
[Date "2023.07.16"]
[Round "6.36"]
[White "Majek, Kacper"]
[Black "Hetzer, Volkhard"]
[Result "1-0"]
[WhiteElo "2090"]
[BlackElo "1952"]

1. e4 e6 2. d4 d5 3. Nc3 Bb4 4. e5 b6 5. Qg4 Bf8 6. b4 Bxb4 7. Qxg7 Bxc3+
8. Bd2 Bxa1 9. Qxh8 Kd7 10. Nf3 h6 11. Qg7 Qe8 12. g4 Nc6 13. c3 Bb2 14. h4
Nce7 15. Qh7 Ba3 16. h5 Bb7 17. Bd3 Rd8 18. Bxh6 Nxh6 19. Qxh6 Kc8 20. Qf4
Qc6 21. Qd2 Ng8 22. Ke2 Be7 23. g5 Qa4 24. h6 Nxh6 25. gxh6 Ba6 26. Ne1
Bxd3+ 27. Nxd3 Rh8 28. f3 Bf8 29. h7 Be7 30. Kf1 c5 31. dxc5 bxc5 32. Kg2
Qe8 33. Qh6 Bf8 34. Qf6 Be7 35. Qg7 Qf8 36. Qg4 Qe8 37. Nf2 Kc7 38. Qg7 Qf8
39. Qg3 Qb8 40. Rh3 Qf8 41. Ng4 Qg7 42. Nf6 Qxg3+ 43. Kxg3 Bxf6 44. exf6 d4
45. cxd4 cxd4 46. f4 Kd6 47. Rh5 e5 48. fxe5+ Kd5 49. Kf4 Kc4 50. Kg5 d3
51. Kh6 d2 52. Rh1 Re8 53. Kg7 Rxe5 54. h8=Q Re1 55. Qh4+ 1-0

[Event "Najdorf Memorial"]
[Site "Warsaw POL"]
[Date "2023.07.16"]
[Round "6.37"]
[White "Rasmussen, Jonas H"]
[Black "Flaata, Alexander R."]
[Result "0-1"]
[WhiteElo "1970"]
[BlackElo "2068"]

1. d4 f5 2. Nf3 Nf6 3. g3 g6 4. c4 Bg7 5. Bg2 O-O 6. O-O d6 7. Nc3 c6 8.
Qc2 Na6 9. a3 Qe8 10. e4 e5 11. Re1 exd4 12. exf5 Bxf5 13. Qd1 dxc3 14.
Rxe8 Raxe8 15. bxc3 Ne4 16. Bb2 Nac5 17. Rc1 Nxf2 18. Kxf2 Nd3+ 19. Kg1
Nxb2 20. Qxd6 Nxc4 21. Qb4 Ne3 22. Nd4 Bc8 23. Re1 Kh8 24. Rc1 Nxg2 25.
Kxg2 b6 26. Qb2 c5 27. Nb5 Bb7+ 28. Kg1 Bh6 29. c4+ Kg8 30. h4 Bxc1 31.
Qxc1 Re2 0-1

[Event "Najdorf Memorial"]
[Site "Warsaw POL"]
[Date "2023.07.16"]
[Round "6.38"]
[White "Wadelek, Karol"]
[Black "Zaninotto, Franco"]
[Result "1/2-1/2"]
[WhiteElo "1943"]
[BlackElo "2026"]

1. c4 e6 2. Nf3 Nf6 3. Nc3 d5 4. e3 b6 5. cxd5 exd5 6. d4 Bd6 7. Bd3 Bb7 8.
Qc2 O-O 9. Nb5 a6 10. Nxd6 Qxd6 11. O-O Nbd7 12. b3 Ne4 13. Bb2 f5 14. Rac1
c6 15. Ne5 Nxe5 16. dxe5 Qe6 17. f3 Nc5 18. e4 Nxd3 19. Qxd3 Rad8 20. exd5
Rxd5 21. Qc2 Rfd8 22. Rcd1 g6 23. Rfe1 Kf7 24. Kf2 c5 25. h4 Rxd1 26. Rxd1
Rxd1 27. Qxd1 Qd5 28. Qc1 Qe6 29. Qh6 Kg8 30. h5 Bc6 31. Qg5 Be8 32. h6 a5
33. Qd8 Kf7 34. Kg3 Qc6 35. Kf4 Qe6 36. Kg3 Qc6 37. Bc1 Qe6 38. Bf4 Kf8 39.
Qc7 Bd7 40. Bg5 Kf7 41. Bf6 Kg8 42. Kf4 Kf7 43. Bd8 Qc6 44. Qxb6 Qxb6 45.
Bxb6 a4 46. Bxc5 axb3 47. axb3 Ke6 48. Bd6 Bb5 49. Ke3 Kd5 50. g3 Ba6 51.
Kd2 Bc8 52. Kc3 Be6 53. Kb4 Kc6 54. f4 Bd5 55. Ka4 Kb6 56. Kb4 Be6 57. Bc5+
Kc6 58. Ba7 Bd5 59. Ka4 Be6 60. Kb4 Bf7 61. Kc3 Kd5 62. Kd3 Be6 63. Ke3 Bd7
64. Kf3 Ke6 65. g4 Bc6+ 66. Kg3 fxg4 67. Kxg4 Bd5 68. b4 Bc6 69. Bc5 Bd7
70. Bd6 Bc6 71. Kg3 Bd7 72. Kf3 Kd5 73. Ke3 Bb5 74. Be7 Bd7 75. Kd3 Bb5+
76. Kc3 Bd7 77. Bf6 Bb5 78. Bg5 Bd7 79. Kb3 Bb5 80. Kc3 1/2-1/2

[Event "Najdorf Memorial"]
[Site "Warsaw POL"]
[Date "2023.07.17"]
[Round "7.1"]
[White "Kazakouski, Valery"]
[Black "Rozentalis, Eduardas"]
[Result "1/2-1/2"]
[WhiteElo "2539"]
[BlackElo "2496"]

1. d4 Nf6 2. c4 e6 3. Nc3 Bb4 4. f3 d5 5. a3 Be7 6. e4 dxe4 7. fxe4 c5 8.
d5 exd5 9. exd5 O-O 10. Be2 Bd6 11. Nb5 a6 12. Nxd6 Qxd6 13. Nf3 Bg4 14.
O-O Re8 15. h3 Bh5 16. Bd3 Nbd7 17. Qc2 b5 18. b3 bxc4 19. bxc4 Bg6 20. Rb1
Rab8 21. Rxb8 Qxb8 22. Bxg6 hxg6 23. Qd3 Qg3 1/2-1/2

[Event "Najdorf Memorial"]
[Site "Warsaw POL"]
[Date "2023.07.17"]
[Round "7.2"]
[White "Fiszer, Bartosz"]
[Black "Tomczak, Jacek"]
[Result "0-1"]
[WhiteElo "2194"]
[BlackElo "2606"]

1. e4 c5 2. Nf3 d6 3. d4 cxd4 4. Nxd4 Nf6 5. Nc3 a6 6. Rg1 h5 7. Bg5 b5 8.
f4 Bb7 9. e5 b4 10. exf6 bxc3 11. fxe7 Bxe7 12. Bxe7 Qxe7+ 13. Qe2 Be4 14.
b3 O-O 15. Qe3 Re8 16. Kf2 Nd7 17. g3 Nf6 18. Bh3 Qc7 19. Rae1 Bxc2 20. Qc1
Qc5 21. Qxc2 Qxd4+ 22. Kf3 Qd5+ 23. Kf2 Ne4+ 24. Rxe4 Rxe4 25. Bg2 Qd4+ 26.
Kf1 Re1+ 0-1

[Event "Najdorf Memorial"]
[Site "Warsaw POL"]
[Date "2023.07.17"]
[Round "7.3"]
[White "Sengupta, Deep"]
[Black "Sriram, Jha"]
[Result "1-0"]
[WhiteElo "2456"]
[BlackElo "2315"]

1. e4 e5 2. Nf3 Nf6 3. Nxe5 d6 4. Nf3 Nxe4 5. Nc3 Nxc3 6. dxc3 Be7 7. Be3
O-O 8. Qd2 Nd7 9. O-O-O Nf6 10. h4 c5 11. Bd3 Be6 12. Bg5 c4 13. Bxf6 Bxf6
14. Be2 b5 15. Nd4 Qb6 16. g4 b4 17. cxb4 Bxd4 18. Qxd4 Qxb4 19. h5 Qa5 20.
h6 Qe5 21. f4 Qxd4 22. Rxd4 c3 23. b3 Rfe8 24. Bf3 Rad8 25. hxg7 Kxg7 26.
Rd3 Rc8 27. Rxd6 Rc5 28. Re1 Bd7 29. Rxe8 Bxe8 30. a4 f5 31. g5 a5 32. Kd1
Bf7 33. Rc6 Rxc6 34. Bxc6 Bh5+ 35. Ke1 h6 36. gxh6+ Kxh6 37. b4 axb4 38. a5
1-0

[Event "Najdorf Memorial"]
[Site "Warsaw POL"]
[Date "2023.07.17"]
[Round "7.4"]
[White "Cukrowski, Filip"]
[Black "Sieciechowicz, Marcin"]
[Result "1/2-1/2"]
[WhiteElo "2378"]
[BlackElo "2395"]

1. d4 d5 2. c4 c6 3. Nc3 Nf6 4. Nf3 e6 5. e3 Nbd7 6. Qc2 b6 7. Bd3 Bb7 8.
O-O dxc4 9. Bxc4 a6 10. Rd1 b5 11. Be2 Qc7 12. e4 c5 13. d5 b4 14. Na4 exd5
15. exd5 Bd6 16. Be3 Nxd5 17. Qe4+ Kf8 18. Bc4 N7f6 19. Qd3 Nxe3 20. fxe3
Rd8 21. Qe2 Bxf3 22. gxf3 g6 23. f4 Kg7 24. Qf3 Rhe8 25. Rd3 Bf8 26. Rad1
Rxd3 27. Rxd3 a5 28. b3 Rd8 29. Nb2 Re8 30. Rd1 Qe7 31. Rd3 Kg8 32. Nd1 Bg7
33. Nf2 h5 34. Qc6 Kh7 35. h3 h4 36. Kg2 Nh5 1/2-1/2